Statistics for Shortened Seasons: NBA

Click here to take the quiz!

General Stats

  • This quiz has been taken 12 times
  • The average score is 19 of 20

Answer Stats

SeasonReasonFMVPChampion% Correct
2019-2022Giannis Antetokounmpo
100%
2019-2022Giannis Antetokounmpo
100%
2020-2122Giannis Antetokounmpo
100%
2019-2022Ja Morant
100%
1998-9922Karl Malone
100%
2011-1222Kyrie Irving
100%
2020-2122LaMelo Ball
100%
2011-1222LeBron James
100%
2019-2022LeBron James
100%
2011-1222LeBron James
100%
2019-20Covid-19 PandemicGiannis AntetokounmpoLos Angeles Lakers
100%
2020-2122Nikola Jokic
100%
2020-2122Rudy Gobert
100%
1998-9922Alonzo Mourning
83%
2011-12Players StrikeLeBron JamesMiami Heat
83%
2020-21Covid-19 PandemicNikola JokicMilwaukee Bucks
83%
1998-99LockoutTim DuncanSan Antonio Spurs
83%
1998-9922Tim Duncan
83%
2011-1222Tyson Chandler
67%
1998-9922Vince Carter
67%

Score Distribution

Percentile by Number Answered

Percent of People with Each Score

Your Score History

You have not taken this quiz